[Event "Mumbai Wealth op U13"]
[Site "Mumbai"]
[Date "2016.02.05"]
[Round "9"]
[White "Chandratreya, Prachiti"]
[Black "Upase, Riddhi"]
[Result "1-0"]
[WhiteElo "1465"]
[BlackElo "1183"]
[PlyCount "105"]
[EventDate "2016.01.28"]
[EventType "swiss"]
[EventRounds "9"]
[EventCountry "IND"]
[SourceTitle "CBM 170 Extra"]
[Source "ChessBase"]
[SourceDate "2016.02.25"]
[SourceVersion "1"]
[SourceVersionDate "2016.02.25"]
[SourceQuality "1"]

1. d4 d5 2. c4 e6 3. Nc3 Nf6 4. Bg5 c6 5. cxd5 cxd5 6. e3 Nbd7 7. Bd3 Qa5 8. Nge2 h6 9. Bh4 a6 10. a3 Be7 11. 0-0 0-0 12. Qc2 Re8 13. Rfc1 b5 14. b4 Qb6 15. Rcb1 Bb7 16. Bg3 Rac8 17. Qd2 Bc6 18. Nc1 Bd8 19. Nb3 e5 20. Rd1 e4 21. Be2 Be7 22. Rac1 Bb7 23. Bf1 Bd6 24. Nc5 Bxg3 25. hxg3 Ba8 26. Rb1 Re7 27. Rdc1 Ng4 28. Be2 Ndf6 29. a4 Bc6 30. axb5 axb5 31. Ra1 Rb8 32. Ra6 Qc7 33. Rca1 Bb7 34. R6a5 Bc6 35. Na6 Qc8 36. Nxb8 Qxb8 37. Bxb5 Qc8 38. Bxc6 Qxc6 39. Ne2 Qe6 40. Nf4 Qf5 41. Qa2 Rd7 42. b5 Nh5 43. Nh3 g5 44. Ra8+ Kg7 45. Qa3 Qf6 46. Qf8+ Kg6 47. R8a6 Rd6 48. Rxd6 Qxd6 49. Qxd6+ f6 50. b6 Ng7 51. b7 Nf5 52. Qxd5 Kh5 53. Qf7# 1-0

[Event "Mumbai Wealth op U13"]
[Site "Mumbai"]
[Date "2016.01.31"]
[Round "4"]
[White "Kadakia, Veer"]
[Black "Upase, Riddhi"]
[Result "1-0"]
[WhiteElo "1368"]
[BlackElo "1183"]
[PlyCount "105"]
[EventDate "2016.01.28"]
[EventType "swiss"]
[EventRounds "9"]
[EventCountry "IND"]
[SourceTitle "CBM 170 Extra"]
[Source "ChessBase"]
[SourceDate "2016.02.25"]
[SourceVersion "1"]
[SourceVersionDate "2016.02.25"]
[SourceQuality "1"]

1. e4 e6 2. d4 d5 3. exd5 exd5 4. Bd3 Bd6 5. Nf3 Ne7 6. 0-0 0-0 7. Ng5 h6 8. Bh7+ Kh8 9. Qh5 Ng6 10. Nxf7+ Rxf7 11. Bxg6 Rd7 12. Bf5 Nc6 13. Bxd7 Qxd7 14. c3 b6 15. Re1 Ba6 16. Nd2 Ne7 17. Nf3 Kg8 18. Bd2 Rf8 19. Ne5 Qd8 20. Ng6 Nxg6 21. Qxg6 Bxh2+ 22. Kh1 Qh4 23. Qe6+ Rf7 24. Qh3 Qxh3 25. gxh3 Rxf2 26. Bc1 Bd3 27. b3 Be4+ 28. Rxe4 dxe4 29. Be3 Re2 30. Bg1 Bxg1 31. Kxg1 Re3 32. c4 Rxh3 33. Re1 Rh4 34. d5 Kf7 35. Kg2 Ke7 36. Kg3 g5 37. Rd1 Kd6 38. Kf2 Ke5 39. b4 Rh2+ 40. Ke3 Rxa2 41. c5 bxc5 42. bxc5 Ra3+ 43. Ke2 Rd3 44. d6 Rxd1 45. dxc7 Ra1 46. c8Q Ra2+ 47. Kf1 Ra1+ 48. Kg2 Kf4 49. Qc7+ Ke3 50. Qg3+ Kd4 51. c6 Ra2+ 52. Kh3 e3 53. Qd6+ 1-0